| 000 | 00751cab a2200241 4500 | ||
|---|---|---|---|
| 001 | WB3033-32 | ||
| 008 | 090401t1994 xxu||||| |||| 00| 0 eng d | ||
| 035 | _a(Sirsi) u41688 | ||
| 041 | _aeng | ||
| 245 | _aSelf-employed warned on tax change trap | ||
| 260 | _c1994 | ||
| 350 | _a0 | ||
| 490 |
_aBuilding _v259(7859) 9 September 1994, 12(1) |
||
| 520 | _aThose working in partnerships or who are self-employed are warned of tax changes, coming into force in 1997/98, which will tax profits of the previous year. | ||
| 650 | _aPARTNERSHIPS | ||
| 650 | _aPROFITS | ||
| 650 | _aSELF-EMPLOYED | ||
| 650 | _aTAX | ||
| 690 | _aMANAGEMENT-BUSINESS MANAGEMENT-PROFESSIONAL PRACTICE | ||
| 690 | _aTAXATION | ||
| 942 | _n0 | ||
| 948 | _c04/03/1997 | ||
| 999 |
_c26758 _d26758 |
||